<?xml version="1.0" encoding="UTF-8"?>
<record
    xmlns:xsi="http://www.w3.org/2001/XMLSchema-instance"
    xsi:schemaLocation="http://www.loc.gov/MARC21/slim http://www.loc.gov/standards/marcxml/schema/MARC21slim.xsd"
    xmlns="http://www.loc.gov/MARC21/slim">

  <leader>00402nam a22001697a 4500</leader>
  <controlfield tag="003">OSt</controlfield>
  <controlfield tag="005">20240309123302.0</controlfield>
  <controlfield tag="008">170926b        xxu||||| |||| 00| 0 eng d</controlfield>
  <datafield tag="020" ind1=" " ind2=" ">
    <subfield code="a">978-0071347099</subfield>
  </datafield>
  <datafield tag="040" ind1=" " ind2=" ">
    <subfield code="c">SEROSOFT</subfield>
  </datafield>
  <datafield tag="100" ind1=" " ind2=" ">
    <subfield code="a">MORGAN,CLIFFORD T.</subfield>
  </datafield>
  <datafield tag="245" ind1=" " ind2=" ">
    <subfield code="a">INTRODUCTION TO PSYCHOLOGY</subfield>
  </datafield>
  <datafield tag="250" ind1=" " ind2=" ">
    <subfield code="a">7TH</subfield>
  </datafield>
  <datafield tag="260" ind1=" " ind2=" ">
    <subfield code="a">CHENNAI</subfield>
    <subfield code="b">MC GRAW HILL</subfield>
    <subfield code="c">2017</subfield>
  </datafield>
  <datafield tag="300" ind1=" " ind2=" ">
    <subfield code="a">SI-15</subfield>
  </datafield>
  <datafield tag="942" ind1=" " ind2=" ">
    <subfield code="2">ddc</subfield>
    <subfield code="c">02</subfield>
    <subfield code="e">7TH</subfield>
  </datafield>
  <datafield tag="999" ind1=" " ind2=" ">
    <subfield code="c">40673</subfield>
    <subfield code="d">40673</subfield>
  </datafield>
  <datafield tag="952" ind1=" " ind2=" ">
    <subfield code="0">0</subfield>
    <subfield code="1">0</subfield>
    <subfield code="2">ddc</subfield>
    <subfield code="4">0</subfield>
    <subfield code="7">0</subfield>
    <subfield code="a">01</subfield>
    <subfield code="b">01</subfield>
    <subfield code="d">2017-09-07</subfield>
    <subfield code="e">KIRTI PRAKASHAN</subfield>
    <subfield code="f">BPT</subfield>
    <subfield code="g">815.00</subfield>
    <subfield code="i">IN858</subfield>
    <subfield code="l">4</subfield>
    <subfield code="m">1</subfield>
    <subfield code="o">174 MOR</subfield>
    <subfield code="p">01-B-124001</subfield>
    <subfield code="q">2022-08-31</subfield>
    <subfield code="r">2021-10-01</subfield>
    <subfield code="s">2021-10-01</subfield>
    <subfield code="w">2017-09-26</subfield>
    <subfield code="y">02</subfield>
    <subfield code="z"> </subfield>
  </datafield>
  <datafield tag="952" ind1=" " ind2=" ">
    <subfield code="0">0</subfield>
    <subfield code="1">0</subfield>
    <subfield code="2">ddc</subfield>
    <subfield code="4">0</subfield>
    <subfield code="7">0</subfield>
    <subfield code="a">01</subfield>
    <subfield code="b">01</subfield>
    <subfield code="d">2017-09-07</subfield>
    <subfield code="e">KIRTI PRAKASHAN</subfield>
    <subfield code="f">BPT</subfield>
    <subfield code="g">815.00</subfield>
    <subfield code="i">IN858</subfield>
    <subfield code="l">1</subfield>
    <subfield code="m">1</subfield>
    <subfield code="o">174 MOR</subfield>
    <subfield code="p">01-B-124002</subfield>
    <subfield code="q">2019-08-07</subfield>
    <subfield code="r">2018-09-18</subfield>
    <subfield code="s">2018-09-18</subfield>
    <subfield code="w">2017-09-26</subfield>
    <subfield code="y">02</subfield>
    <subfield code="z"> </subfield>
  </datafield>
  <datafield tag="952" ind1=" " ind2=" ">
    <subfield code="0">0</subfield>
    <subfield code="1">0</subfield>
    <subfield code="2">ddc</subfield>
    <subfield code="4">0</subfield>
    <subfield code="7">0</subfield>
    <subfield code="a">01</subfield>
    <subfield code="b">01</subfield>
    <subfield code="d">2017-09-07</subfield>
    <subfield code="e">KIRTI PRAKASHAN</subfield>
    <subfield code="f">BPT</subfield>
    <subfield code="g">815.00</subfield>
    <subfield code="i">IN858</subfield>
    <subfield code="l">7</subfield>
    <subfield code="m">1</subfield>
    <subfield code="o">174 MOR</subfield>
    <subfield code="p">01-B-124003</subfield>
    <subfield code="q">2023-09-10</subfield>
    <subfield code="r">2022-10-12</subfield>
    <subfield code="s">2022-10-12</subfield>
    <subfield code="w">2017-09-26</subfield>
    <subfield code="y">02</subfield>
    <subfield code="z"> </subfield>
  </datafield>
  <datafield tag="952" ind1=" " ind2=" ">
    <subfield code="0">0</subfield>
    <subfield code="1">0</subfield>
    <subfield code="2">ddc</subfield>
    <subfield code="4">0</subfield>
    <subfield code="7">0</subfield>
    <subfield code="a">01</subfield>
    <subfield code="b">01</subfield>
    <subfield code="d">2017-09-07</subfield>
    <subfield code="e">KIRTI PRAKASHAN</subfield>
    <subfield code="f">BPT</subfield>
    <subfield code="g">815.00</subfield>
    <subfield code="i">IN858</subfield>
    <subfield code="l">8</subfield>
    <subfield code="m">3</subfield>
    <subfield code="o">174 MOR</subfield>
    <subfield code="p">01-B-124004</subfield>
    <subfield code="q">2026-08-15</subfield>
    <subfield code="r">2025-08-20</subfield>
    <subfield code="s">2025-08-20</subfield>
    <subfield code="w">2017-09-26</subfield>
    <subfield code="y">02</subfield>
    <subfield code="z"> </subfield>
  </datafield>
  <datafield tag="952" ind1=" " ind2=" ">
    <subfield code="0">0</subfield>
    <subfield code="1">0</subfield>
    <subfield code="2">ddc</subfield>
    <subfield code="4">0</subfield>
    <subfield code="7">0</subfield>
    <subfield code="a">01</subfield>
    <subfield code="b">01</subfield>
    <subfield code="d">2017-09-07</subfield>
    <subfield code="e">KIRTI PRAKASHAN</subfield>
    <subfield code="f">BPT</subfield>
    <subfield code="g">815.00</subfield>
    <subfield code="i">IN858</subfield>
    <subfield code="l">9</subfield>
    <subfield code="m">1</subfield>
    <subfield code="o">174 MOR</subfield>
    <subfield code="p">01-B-124005</subfield>
    <subfield code="q">2026-08-15</subfield>
    <subfield code="r">2025-09-16</subfield>
    <subfield code="s">2025-09-16</subfield>
    <subfield code="w">2017-09-26</subfield>
    <subfield code="y">02</subfield>
    <subfield code="z"> </subfield>
  </datafield>
  <datafield tag="952" ind1=" " ind2=" ">
    <subfield code="0">0</subfield>
    <subfield code="1">0</subfield>
    <subfield code="2">ddc</subfield>
    <subfield code="4">0</subfield>
    <subfield code="7">0</subfield>
    <subfield code="a">01</subfield>
    <subfield code="b">01</subfield>
    <subfield code="d">2017-09-07</subfield>
    <subfield code="e">KIRTI PRAKASHAN</subfield>
    <subfield code="f">BPT</subfield>
    <subfield code="g">815.00</subfield>
    <subfield code="i">IN858</subfield>
    <subfield code="l">7</subfield>
    <subfield code="m">1</subfield>
    <subfield code="o">174 MOR</subfield>
    <subfield code="p">01-B-124006</subfield>
    <subfield code="q">2026-08-15</subfield>
    <subfield code="r">2025-08-20</subfield>
    <subfield code="s">2025-08-20</subfield>
    <subfield code="w">2017-09-26</subfield>
    <subfield code="y">02</subfield>
    <subfield code="z"> </subfield>
  </datafield>
  <datafield tag="952" ind1=" " ind2=" ">
    <subfield code="0">0</subfield>
    <subfield code="1">0</subfield>
    <subfield code="2">ddc</subfield>
    <subfield code="4">0</subfield>
    <subfield code="7">0</subfield>
    <subfield code="a">01</subfield>
    <subfield code="b">01</subfield>
    <subfield code="d">2017-09-07</subfield>
    <subfield code="e">KIRTI PRAKASHAN</subfield>
    <subfield code="f">BPT</subfield>
    <subfield code="g">815.00</subfield>
    <subfield code="i">IN858</subfield>
    <subfield code="l">1</subfield>
    <subfield code="m">1</subfield>
    <subfield code="o">174 MOR</subfield>
    <subfield code="p">01-B-124007</subfield>
    <subfield code="q">2019-08-07</subfield>
    <subfield code="r">2018-09-06</subfield>
    <subfield code="s">2018-09-06</subfield>
    <subfield code="w">2017-09-26</subfield>
    <subfield code="y">02</subfield>
    <subfield code="z"> </subfield>
  </datafield>
  <datafield tag="952" ind1=" " ind2=" ">
    <subfield code="0">0</subfield>
    <subfield code="1">0</subfield>
    <subfield code="2">ddc</subfield>
    <subfield code="4">0</subfield>
    <subfield code="7">0</subfield>
    <subfield code="a">01</subfield>
    <subfield code="b">01</subfield>
    <subfield code="d">2017-09-07</subfield>
    <subfield code="e">KIRTI PRAKASHAN</subfield>
    <subfield code="f">BPT</subfield>
    <subfield code="g">815.00</subfield>
    <subfield code="i">IN858</subfield>
    <subfield code="l">4</subfield>
    <subfield code="o">174 MOR</subfield>
    <subfield code="p">01-B-124008</subfield>
    <subfield code="q">2026-08-15</subfield>
    <subfield code="r">2025-08-19</subfield>
    <subfield code="s">2025-08-19</subfield>
    <subfield code="w">2017-09-26</subfield>
    <subfield code="y">02</subfield>
    <subfield code="z"> </subfield>
  </datafield>
  <datafield tag="952" ind1=" " ind2=" ">
    <subfield code="0">0</subfield>
    <subfield code="1">0</subfield>
    <subfield code="2">ddc</subfield>
    <subfield code="4">0</subfield>
    <subfield code="7">0</subfield>
    <subfield code="a">01</subfield>
    <subfield code="b">01</subfield>
    <subfield code="d">2017-09-07</subfield>
    <subfield code="e">KIRTI PRAKASHAN</subfield>
    <subfield code="f">BPT</subfield>
    <subfield code="g">815.00</subfield>
    <subfield code="i">IN858</subfield>
    <subfield code="l">6</subfield>
    <subfield code="m">2</subfield>
    <subfield code="o">174 MOR</subfield>
    <subfield code="p">01-B-124009</subfield>
    <subfield code="q">2024-11-30</subfield>
    <subfield code="r">2023-09-28</subfield>
    <subfield code="s">2023-09-28</subfield>
    <subfield code="w">2017-09-26</subfield>
    <subfield code="y">02</subfield>
    <subfield code="z"> </subfield>
  </datafield>
  <datafield tag="952" ind1=" " ind2=" ">
    <subfield code="0">0</subfield>
    <subfield code="1">0</subfield>
    <subfield code="2">ddc</subfield>
    <subfield code="4">0</subfield>
    <subfield code="7">0</subfield>
    <subfield code="a">01</subfield>
    <subfield code="b">01</subfield>
    <subfield code="d">2017-09-07</subfield>
    <subfield code="e">KIRTI PRAKASHAN</subfield>
    <subfield code="f">BPT</subfield>
    <subfield code="g">815.00</subfield>
    <subfield code="i">IN858</subfield>
    <subfield code="l">3</subfield>
    <subfield code="m">2</subfield>
    <subfield code="o">174 MOR</subfield>
    <subfield code="p">01-B-124010</subfield>
    <subfield code="q">2021-08-15</subfield>
    <subfield code="r">2020-12-14</subfield>
    <subfield code="s">2020-12-14</subfield>
    <subfield code="w">2017-09-26</subfield>
    <subfield code="y">02</subfield>
    <subfield code="z"> </subfield>
  </datafield>
</record>
